00450nam a2200145 a 4500008004100000020001500041050002200056100001900078245007300097250001100170260003200181300002900213350000900242650005300251120416s1984 ||||||||||||||||| || u a0070533490 aHF 5549.5.C67 Han aRock, Milton L10aHandbook of wage and salary administrationcedited by Milton L. Rock a2nd.ed aNew YorkbMcGraw-Hillc1984 aVarious pagination : ill a0.00 aCOMPENSATION MANAGEMENT--HANDBOOKS, MANUALS, ETC